1756 1003 1882 1406 1606 1673 1273 1414 1004 1912 1247 1314 1802 1076 1617 1741 1081 1104 1729 1679 1996 1441 1409 1982 1791 1226 1340 1019 1428 1562 1564 1418 1047 1609 1034 1112 1639 1298 1407 1462 1172 1236 1227 1654 1352 1701 1519 1561 1643 1343 1458 1707 1008 1145 1284 1614 1295 1968 1105 1178 1838 1373 1999 1923 1104 1318 1722 1660 1030 1145 1412 1770 1610 1230 1359 1172 1288 1553 1480 1928 1743 1147 1272 1193 1612 1617 1098 1732 1124 1423 1371 1681 1141 1946 1710 1205 1119 1917 1159 BCNSPRNW ULIB Ver.6.0+V

เปลี่ยนเป็นภาษาไทย

Change to English
 แสดงรายละเอียดบรรณานุกรม
  กลับหน้าหลัก

Brief Record : Get Marc (ISO 2709) : E-mail record : QR code < ปิดหน้าต่าง
LEADER : 00000nam 2200000uu 4500
001    13399110604
003     ULIB
008    110603s2551||||th 000 0 tha d
020    9789741688272
060 04 WQ300^bด153ค 2551
100 0  ดวงกมล ปิ่นเฉลี่ยว
245 10 คู่มือการเรียนรู้ด้วยตนเองเรื่องการคลอดก่อนกำหนด /^cดวงกมล ปิ่นเฉลียว
250    พิมพ์ครั้งที่ 1
260    นนทบุรี :^bโครงการสวัสดิการวิชาการ สถาบันพระบรมราชชนก,^c2551
300    49 หน้า ;^c21 ซม.
650  7 การคลอดก่อนกำหนด
650  7 การเรียนรู้ด้วยตนเอง
710 2  สถาบันพระบรมราชชนก. ^bโครงการสวัสดิการวิชาการ
945    ^p110^l0^i026310
945    ^p110^l0^i026309
945    ^p110^l0^i025662
945    ^p110^l0^i025661
945    ^p110^l0^i025207
945    ^p110^l0^i025206
945    ^p110^l0^i025205
945    ^p110^l0^i025204
945    ^p110^l0^i026311
945    ^p110^l0^i025208
945    ^p110^l0^i025176
995    ทศพร
999 ^a ใช้งานได้ทุกระบบ
รายการนี้ยังไม่มีแท็ก
คุณยังไม่ได้ล็อกอิน คุณสามารถมีกิจกรรมร่วมกับเว็บไซต์ได้ แต่ต้องล็อกอินก่อน ::
  ล็อกอิน

รายการสื่อสารสนเทศ

ลำดับที่ ประเภท เลขเรียก/บาร์โค้ด สถานที่ สถานะ
- ไม่พบข้อมูล -

รายการใกล้เคียง
    หัวเรื่อง [การคลอดก่อนกำหนด]
    หัวเรื่อง [การเรียนรู้ด้วยตนเอง]

BibComment


ยังไม่เคยถูกคอมเมนท์

คอมเมนท์ทรัพยากรรายการนี้
  คอมเมนท์: คู่มือการเรียนรู้..


 Copyright 2026. Bcnsprnw @Library